000 00577cam a22002053a 4500
001 45850
003 PGUSA
005 20140828084051.0
008 140531s2014||||xxu|||||s|||||000 | eng d
040 _aPGUSA
_beng
042 _adc
100 1 _aFlint, Robert
245 1 0 _aTheism :
_bbeing the Baird Lecture of 1876
_h[electronic resource] /
_cRobert Flint
260 _bProject Gutenberg,
_c2014
506 _aPublic domain in the USA.
516 _aElectronic text
830 0 _aProject Gutenberg
_v45850
856 4 0 _uhttp://www.gutenberg.org/ebooks/45850
942 _cEB
999 _c275100
_d275100